Kierowca Formuły 1 do państwa - klikanie - Statystyki

Ogólne statystyki
  • Ten quiz został rozwiązany 83 razy
  • Średni wynik to 15 z 20
Statystyki odpowiedzi
Hint Odpowiedź % Poprawnych
Yuki Tsunoda Japonia
95%
Zhou Guanyu Chiny
93%
Kimi Räikkönen Finlandia
93%
Fernando Alonso Hiszpania
91%
Lewis Hamilton Wielka Brytania
91%
Kimi Antonelli Włochy
91%
Charles Leclerc Monako
88%
Max Verstappen Holandia
86%
Sergio Pérez Meksyk
84%
Kevin Magnussen Dania
82%
Daniel Ricciardo Australia
79%
Ayrton Senna Brazylia
77%
Juan Manuel Fangio Argentyna
75%
Alain Prost Francja
75%
Lance Stroll Kanada
71%
Niki Lauda Austria
70%
Juan Pablo Montoya Kolumbia
59%
Bruce McLaren Nowa Zelandia
48%
Mario Andretti Stany Zjednoczone
39%
Jacky Ickx Belgia
36%
Nie znaleziono quizów pasujących do podanych kryteriów
Rozkład punktacji
Procent ludzi z każdym wynikiem
Percentyl według liczby udzielonych odpowiedzi
Twoja historia wyników
Nie rozwiązałeś tego quizu